Endogenous development and Southern Europe
Αποθηκεύτηκε σε:
| Άλλοι συγγραφείς: | |
|---|---|
| Μορφή: | Βιβλίο |
| Γλώσσα: | English |
| Δημοσίευση: |
Aldershot :
Avebury,
c1992
|
| Θέματα: | |
| Ετικέτες: |
Προσθήκη ετικέτας
Δεν υπάρχουν, Καταχωρήστε ετικέτα πρώτοι!
|
MARC
| LEADER | 00000nam a2200000 i 4500 | ||
|---|---|---|---|
| 001 | 1/64721 | ||
| 008 | 931001s eng d | ||
| 020 | |a 1-85628-131-0 | ||
| 035 | |a ΛΕΣΒΟΣb10001434 |l 10001434 | ||
| 040 | |a GR-MY-UA |b gre |e aacr | ||
| 041 | 0 | |a eng | |
| 082 | 0 | |a 307.7 | |
| 245 | 1 | 0 | |a Endogenous development and Southern Europe / |c Edited by Gioacchino Garopoli |
| 260 | |a Aldershot : |b Avebury, |c c1992 | ||
| 300 | |a 221 p. |b tables; figures | ||
| 504 | |a Bibliography: p.223-240 | ||
| 650 | 0 | 0 | |a Community development |z Southern Europe. |
| 650 | 0 | 0 | |a Economic development |z Europe, Southern. |
| 651 | 0 | |a Europe, Southern. | |
| 700 | 1 | |a Garofoli, Gioacchino. |4 edt | |
| 852 | |a INST |b LESVOS |e 19931001 |h 307.7 END |p 005100004567 |q 005100004567 |t BK |y 0 | ||
| 909 | |a Λ |b 028701 | ||